Normal view
MARC view
- المماليك-علاقات -المغول -الدولة المملوكية الاولى-تارخ
Entry Topical Term
001 - CONTROL NUMBER
- control field: 18243
003 - CONTROL NUMBER IDENTIFIER
- control field: JO-AjAnu
005 - DATE AND TIME OF LATEST TRANSACTION
- control field: 20230606073216.0
008 - FIXED-LENGTH DATA ELEMENTS
- fixed length control field: 230606|| aca||aabn | a|a d
040 ## - CATALOGING SOURCE
- Original cataloging agency: JO-AjAnu
- Transcribing agency: JO-AjAnu
150 ## - HEADING--TOPICAL TERM
- Topical term or geographic name entry element: المماليك-علاقات -المغول -الدولة المملوكية الاولى-تارخ
670 ## - SOURCE DATA FOUND
- Source citation: Work cat.: (JO-AjAnu)9364: تاليف عاشور، فايد خماد؛ تقديم ومراجعة نسيم، جوزيف, author 18242, العلاقات السياسية بين المماليك والمغول في الدولة المملوكية الأولى